000 00587nam a2200193 i 4500
001 42758
003 ES-MaACL
007 t|
008 030313s1983 sp ||||1| spa d
245 0 3 _aEl cerebro /
_c[traductores: Joandomènec Ros... [et al.]].
250 _a3º ed.
260 _aBarcelona :
_bLabor,
_c[1983]
300 _a240 p. :
_bil. ;
_c29 cm.
490 1 _aLibros de Investigación y ciencia
700 1 _aRos, Joandomènec.
_999576
830 0 0 _aLibros de investigación y ciencia
_9181956
852 _aES-MaACL
_jL-6326
_bR.107033
999 _c42758
_d42758